Characterization and diversity analysis of the oleiferous Brassica species / (Record no. 8451)
[ view plain ]
| 000 -LEADER | |
|---|---|
| fixed length control field | 01111nam a22002657a 4500 |
| 001 - CONTROL NUMBER | |
| control field | BD-DhSAU 8451 |
| 003 - CONTROL NUMBER IDENTIFIER | |
| control field | BD-DhSAU |
| 005 - DATE AND TIME OF LATEST TRANSACTION | |
| control field | 20220309123124.0 |
| 008 - FIXED-LENGTH DATA ELEMENTS--GENERAL INFORMATION | |
| fixed length control field | 150420b2007 bg ||||| m||| 000 0 eng d |
| 040 ## - CATALOGING SOURCE | |
| Original cataloging agency | BD-DhSAU |
| 082 ## - DEWEY DECIMAL CLASSIFICATION NUMBER | |
| Edition number | 22 |
| Classification number | .... |
| Item number | .... |
| 100 ## - MAIN ENTRY--PERSONAL NAME | |
| Personal name | Rashid, Md Harun-Ur |
| Relator term | Registration # 26269/00554 |
| 245 ## - TITLE STATEMENT | |
| Title | Characterization and diversity analysis of the oleiferous Brassica species / |
| Remainder of title | MS thesis |
| 260 ## - PUBLICATION, DISTRIBUTION, ETC. (IMPRINT) | |
| Place of publication, distribution, etc. | Sher-e-Bangla Agricultural Universities : |
| Name of publisher, distributor, etc. | Department of Genetics and Plant Breeding, |
| Date of publication, distribution, etc. | 2007. |
| 300 ## - PHYSICAL DESCRIPTION | |
| Extent | xi, 98 p. ; |
| Dimensions | 30 cm. |
| Other physical details | ill. ; |
| 500 ## - GENERAL NOTE | |
| General note | MS thesis of Department of Genetics and Plant Breeding, Faculty of Agriculture, Sher-e-Bangla Agricultural University, Dhaka, Bangladesh |
| 590 ## - Name of Cataloguer | |
| Name of Cataloger | erfat |
| 650 ## - SUBJECT ADDED ENTRY--TOPICAL TERM | |
| Topical term or geographic name as entry element | Genetics and Plant Breeding. |
| 650 ## - SUBJECT ADDED ENTRY--TOPICAL TERM | |
| Topical term or geographic name as entry element | Characterization and diversity analysis. |
| 650 ## - SUBJECT ADDED ENTRY--TOPICAL TERM | |
| Topical term or geographic name as entry element | Oleiferous Brassica species / |
| 700 ## - ADDED ENTRY--PERSONAL NAME | |
| Personal name | Bhuiyan, Md Shahidur Rashid |
| Relator term | Superviser |
| 700 ## - ADDED ENTRY--PERSONAL NAME | |
| Personal name | Akbar, Md Ali |
| Relator term | Co-superviser |
| 856 ## - ELECTRONIC LOCATION AND ACCESS | |
| Uniform Resource Identifier | <a href="http://archive.saulibrary.edu.bd:8080/xmlui/handle/123456789/639">http://archive.saulibrary.edu.bd:8080/xmlui/handle/123456789/639</a> |
| 942 ## - ADDED ENTRY ELEMENTS (KOHA) | |
| Source of classification or shelving scheme | Dewey Decimal Classification |
| Koha item type | MS Level Thesis |
| Withdrawn status | Lost status | Source of classification or shelving scheme | Damaged status | Not for loan | Collection code | Home library | Branch Name | Shelving location | Date acquired | Total Checkouts | Full call number | Barcode | Date last seen | Price effective from | Koha item type |
|---|---|---|---|---|---|---|---|---|---|---|---|---|---|---|---|
| Dewey Decimal Classification | Not For Loan | Reference | SAU Library | SAU Library | Reference | 12/06/2015 | .... .... | 38999 | 12/06/2015 | 12/06/2015 | MS Level Thesis |
